| 000 | 00773nam a2200229 4500 | ||
|---|---|---|---|
| 999 |
_c8293 _d8293 |
||
| 001 | 21800 | ||
| 003 | BD-DhUAP | ||
| 005 | 20230524192014.0 | ||
| 008 | 230524b2021 bg a|||| |||| 001 0ceng d | ||
| 020 | _a9789848715291 | ||
| 040 |
_aBD-DhUAP _bEng _cBD-DhUAP _dBD-DhUAP |
||
| 082 |
_223 _a820.9 ALA |
||
| 100 | _aAlam, Fakrul. | ||
| 245 |
_aReading Literature in English And English Studies in Bangladesh Postcolonial Perspectives/ _cFakrul Alam. |
||
| 260 |
_aDhaka : _bWriters.ink, _c2021. |
||
| 300 |
_a518 p. ; _c22 cm. |
||
| 504 | _aIncludes bibliographical references and index. | ||
| 650 | _aImperialism in literature. | ||
| 650 | _aPostcolonialism in literature. | ||
| 650 |
_aIndic literature (English) _vBengal _xHistory and criticism. _zIndia. |
||
| 942 |
_2ddc _cBK |
||